Central Library OPAC University of Rajshahi

Adoption policy and practice : (Record no. 4823)

MARC details
000 -LEADER
fixed length control field 00727nam a22002411 4500
001 - CONTROL NUMBER
control field 4823
003 - CONTROL NUMBER IDENTIFIER
rucl marc code BD-RjUL
005 - DATE AND TIME OF LATEST TRANSACTION
control field 20211208233949.0
008 - FIXED-LENGTH DATA ELEMENTS--GENERAL INFORMATION
fixed length control field 131223s1966 enka b 001 0 eng d
035 ## - SYSTEM CONTROL NUMBER
System control number (BD-RjUL) 4858
040 ## - CATALOGING SOURCE
Original cataloging agency DLC
Transcribing agency DLC
Modifying agency DLC
-- (BD-RjUL)
Language of cataloging eng
041 ## - LANGUAGE CODE
Language code of text/sound track or separate title eng
082 00 - DEWEY DECIMAL CLASSIFICATION NUMBER
Classification number 362.734
Author mark and year GOA
100 1# - MAIN ENTRY--PERSONAL NAME
Personal name Goodacre, Iris.
9 (RLIN) 15218
245 10 - TITLE STATEMENT
Title Adoption policy and practice :
Remainder of title a study /
Statement of responsibility, etc. with a foreword by Robina S. Addis.
260 ## - PUBLICATION, DISTRIBUTION, ETC. (IMPRINT)
Place of publication, distribution, etc. London :
Name of publisher, distributor, etc. Allen & Unwin,
Date of publication, distribution, etc. 1966.
300 ## - PHYSICAL DESCRIPTION
Pagination 204 p. ;
Illustrations ill ;
Size 22 cm.
410 20 - SERIES STATEMENT/ADDED ENTRY--CORPORATE NAME [OBSOLETE, CAN/MARC], [LOCAL, USA]
Corporate name or jurisdiction name as entry element National Institute for Social Work.
Title of a work Training series,
Volume number/sequential designation no. 9
504 ## - BIBLIOGRAPHY, ETC. NOTE
Bibliography, etc Bibliography: p. [201]-203.
650 #0 - SUBJECT ADDED ENTRY--TOPICAL TERM
Topical term or geographic name as entry element Adoption.
9 (RLIN) 15219
942 ## - ADDED ENTRY ELEMENTS (KOHA)
Source of classification or shelving scheme Dewey Decimal Classification
Koha item type Books
Holdings
Lost status Source of classification or shelving scheme Damaged status Not for loan Collection code Permanent Location Current Location Shelving location Date acquired Source of acquisition Cost, normal purchase price Total Checkouts Full call number Date last seen Copy number Koha item type
  Dewey Decimal Classification     Non-fiction Central Library, University of Rajshahi Central Library, University of Rajshahi   01/09/1967 Zeitlinger 32.00   362.734 GOA 1966 23/12/2013 C-3 Books
  Dewey Decimal Classification     Non-fiction Central Library, University of Rajshahi Central Library, University of Rajshahi   01/09/1967 Zeitlinger 32.00   362.734 GOA 1966 13/08/2016 C-2 Books
  Dewey Decimal Classification     Non-fiction Central Library, University of Rajshahi Central Library, University of Rajshahi   01/09/1967 Zeitlinger 32.00   362.734 GOA 1966 13/08/2016 C-4 Books